000 00477cam a22001932a 4500
001 012351
003 AR-FADEU
008 311216n1958####xxu####################dd
092 _a823.912
_bG799i
100 _aGreene, Graham
245 _aInglaterra me hizo así : novela
260 _aBuenos Aires
260 _bEmece
260 _c1958
300 _a255 p
440 _aGrandes novelistas
650 _aLITERATURA INGLESA-SIGLO XX; NOVELA/REVISADO/
942 _cBDGR
999 _c18120
_d18120